Communist agriculture : (Record no. 13369)

000 -LEADER
fixed length control field 00699cam a2200181 a 4500
020 ## - INTERNATIONAL STANDARD BOOK NUMBER
ISBN 0415038707
040 ## - CATALOGING SOURCE
Transcribing agency DLC
082 00 - DEWEY DECIMAL CLASSIFICATION NUMBER
Classification number 338 ROU 1990 A011 Or.
245 00 - TITLE STATEMENT
Title Communist agriculture :
Remainder of title farming in the Soviet Union and Eastern Europe /
260 ## - PUBLICATION, DISTRIBUTION, ETC. (IMPRINT)
Place of publication London ;
-- New York :
Name of publisher Routledge,
Year of publication 1990.
300 ## - PHYSICAL DESCRIPTION
Number of Pages xviii, 331 p. :
Other physical details ill. ;
Dimensions 23 cm.
500 ## - GENERAL NOTE
General note Selected papers from the Eighth International Conference on Soviet and East European Agricultural Affairs, held Aug. 8-10, 1988, at the University of California at Berkeley.
650 #0 - SUBJECT ADDED ENTRY--TOPICAL TERM
Topical Term Communism and agriculture
650 #0 - SUBJECT ADDED ENTRY--TOPICAL TERM
Topical Term Agriculture and state
650 #0 - SUBJECT ADDED ENTRY--TOPICAL TERM
Topical Term Agriculture and state
700 1# - ADDED ENTRY--PERSONAL NAME
Personal name Wädekin, Karl Eugen.
942 ## - ADDED ENTRY ELEMENTS (KOHA)
Koha item type សៀវភៅភាសាអង់គ្លេស

No items available.

មជ្ឈមណ្ឌលឯការនៃសាកលវិទ្យាល័យភូមិន្ទកសិកម្មចំការដូង

Powered by Koha